Lập trình Labview

Giới thiệu: Labview và các pháp toán, các loại Control, vòng lặp while, cấu trúc case, các hàm và công cụ hữu dụng của Labview.

Đã lưu trong:
书目详细资料
主要作者: Nguyễn, Bá Hải
格式: 图书
语言:Undetermined
出版: Thành Phố Hồ Chí Minh Đại học quốc gia Thành Phố Hồ Chí Minh 2013
主题:
标签: 添加标签
没有标签, 成为第一个标记此记录!
Thư viện lưu trữ: Trung tâm Học liệu Trường Đại học Cần Thơ
LEADER 00934nam a2200205Ia 4500
001 CTU_198465
008 210402s9999 xx 000 0 und d
020 |c 50000 
082 |a 005.133 
082 |b H103 
100 |a Nguyễn, Bá Hải 
245 0 |a Lập trình Labview 
245 0 |c Nguyễn Bá Hải 
260 |a Thành Phố Hồ Chí Minh 
260 |b Đại học quốc gia Thành Phố Hồ Chí Minh 
260 |c 2013 
520 |a Giới thiệu: Labview và các pháp toán, các loại Control, vòng lặp while, cấu trúc case, các hàm và công cụ hữu dụng của Labview. 
650 |a Electronic data processing,Programming languages ( electronic Ccmputers ),Xử lý dữ liệu điện tử,Ngôn ngữ lập trình (Máy tính điện tử) 
904 |i Tuyến 
980 |a Trung tâm Học liệu Trường Đại học Cần Thơ